Die tironischen Noten, (Record no. 4151)

MARC details
000 -LEADER
fixed length control field 00657cam a22002291 4500
001 - CONTROL NUMBER
control field af 48000649
003 - CONTROL NUMBER IDENTIFIER
control field DLC
005 - DATE AND TIME OF LATEST TRANSACTION
control field 20260227110844.0
008 - FIXED-LENGTH DATA ELEMENTS--GENERAL INFORMATION
fixed length control field 850419s1944 gw ah b 000 0 ger c
010 ## - LIBRARY OF CONGRESS CONTROL NUMBER
LC control number af 48000649
035 ## - SYSTEM CONTROL NUMBER
System control number (OCoLC)11943540
040 ## - CATALOGING SOURCE
Original cataloging agency Chicago. Univ. Libr.
Transcribing agency CLU
Modifying agency DLC
042 ## - AUTHENTICATION CODE
Authentication code premarc
050 00 - LIBRARY OF CONGRESS CALL NUMBER
Classification number Z81
Item number .M4
082 ## - DEWEY DECIMAL CLASSIFICATION NUMBER
Classification number 653.47
100 1# - MAIN ENTRY--PERSONAL NAME
Personal name Mentz, Arthur,
Dates associated with a name 1882-1957.
245 04 - TITLE STATEMENT
Title Die tironischen Noten,
Remainder of title eine Geschichte der römischen Kurzschrift.
260 ## - PUBLICATION, DISTRIBUTION, ETC.
Place of publication, distribution, etc. [Berlin]
Name of publisher, distributor, etc. W. de Gruyter,
Date of publication, distribution, etc. 1944.
300 ## - PHYSICAL DESCRIPTION
Extent 256 p.
Other physical details illus., 3 facsims.
Dimensions 24 cm.
504 ## - BIBLIOGRAPHY, ETC. NOTE
Bibliography, etc. note Bibliographical footnotes.
650 #0 - SUBJECT ADDED ENTRY--TOPICAL TERM
Topical term or geographic name entry element Tironian notes.

No items available.

Powered by Koha